[Event "Minsk"]
[Site "Minsk"]
[Date "1996.??.??"]
[Round "7"]
[White "Rustemov, Alexander"]
[Black "Fedorov, Alexei"]
[Result "1/2-1/2"]
[WhiteElo "2495"]
[BlackElo "2540"]
[PlyCount "31"]
[EventDate "1996.??.??"]
[Source "ChessBase"]

1. d4 Nf6 2. c4 g6 3. Nf3 Bg7 4. g3 O-O 5. Bg2 d6 6. Nc3 c5 7. O-O Nc6 8. dxc5 dxc5 9. Bf4 Be6 10. Ne5 Na5 11. Qa4 Nd7 12. Nxd7 Bxd7 13. Qc2 Bf5 14. Qa4 Bd7 15. Qc2 Bf5 16. Qa4 1/2-1/2

[Event "Open"]
[Site "Cappelle la Grande"]
[Date "2003.02.23"]
[Round "2"]
[White "Kengis, Edvins"]
[Black "Janev, Evgeni"]
[Result "0-1"]
[WhiteElo "2570"]
[BlackElo "2465"]
[PlyCount "88"]
[EventDate "2003.02.22"]
[Source "Roberto Alvarez"]
[SourceDate "2003.03.03"]

1. Nf3 d6 2. d4 g6 3. g3 Bg7 4. Bg2 c5 5. O-O cxd4 6. Nxd4 Nf6 7. c4 O-O 8. Nc3 a6 9. b3 Nbd7 10. Bb2 Rb8 11. e4 e6 12. Qe2 Qc7 13. Rfd1 b6 14. Rd2 Bh6 15. Rc2 Bb7 16. Rd1 e5 17. Nf3 Rfc8 18. Ne1 Nc5 19. b4 Ncd7 20. Nd5 Nxd5 21. exd5 a5 22. a3 Ba6 23. Bf1 Qd8 24. Ng2 Rc7 25. Ne3 Rbc8 26. Rdc1 f5 27. f4 Qf8 28. Qf2 exf4 29. gxf4 Nf6 30. Qh4 Bg7 31. Rg2 Ne4 32. Bxg7 Rxg7 33. Bd3 Re8 34. Nc2 Bc8 35. Nd4 Bd7 36. Re1 Rge7 37. Rge2 Qg7 38. Nf3 Qc3 39. Bxe4 fxe4 40. Nd2 Qd4+ 41. Kh1 e3 42. Nf1 Qxc4 43. Kg1 Qd4 44. Qg3 Bb5 0-1

[Event "Moscow-B"]
[Site "Moscow RUS"]
[Date "1987.??.??"]
[Round "?"]
[White "Pigusov, Evgeny A"]
[Black "Khalifman, Alexander V"]
[Result "1/2-1/2"]
[WhiteElo "2520"]
[BlackElo "2515"]
[PlyCount "26"]
[EventDate "1987.06.??"]
[Source "www.chesslib.no"]
[SourceDate "2004.05.04"]

1. Nf3 Nf6 2. g3 c5 3. c4 g6 4. Bg2 Bg7 5. O-O O-O 6. Nc3 Nc6 7. d4 cxd4 8. Nxd4 d6 9. Nxc6 bxc6 10. Bxc6 Rb8 11. Bg2 Qa5 12. Qc2 Qh5 13. e4 Bh3 1/2-1/2

[Event "Nationale I"]
[Site "Clermont Ferrand"]
[Date "2003.05.07"]
[Round "8.3"]
[White "Pert, Nicholas"]
[Black "Degraeve, Jean Marc"]
[Result "1-0"]
[WhiteElo "2484"]
[BlackElo "2550"]
[PlyCount "81"]
[EventDate "2003.05.07"]
[Source "Roberto Alvarez"]
[SourceDate "2003.05.12"]

1. d4 Nf6 2. Nf3 g6 3. c4 Bg7 4. g3 c5 5. Bg2 cxd4 6. Nxd4 Nc6 7. Nc3 O-O 8. O-O d6 9. Nxc6 bxc6 10. Bxc6 Rb8 11. Bg2 Qa5 12. Nb5 Bb7 13. Bxb7 Rxb7 14. Bd2 Qa6 15. Bc3 Rc8 16. b3 d5 17. Bxf6 Bxf6 18. Qxd5 Bxa1 19. Rxa1 Qc6 20. Qxc6 Rxc6 21. Rd1 Rc8 22. Kf1 Kf8 23. Ke1 Ke8 24. Rd3 Rc5 25. Kd2 g5 26. g4 Rd7 27. Nd4 h5 28. h3 hxg4 29. hxg4 Ra5 30. a4 Re5 31. Nc6 Re6 32. Rxd7 Kxd7 33. Nxa7 Kd6 34. Nb5+ Kc5 35. Nc3 Re5 36. e3 Kb4 37. Kc2 f5 38. Nd5+ Kc5 39. Kd3 fxg4 40. b4+ Kd6 41. e4 1-0

[Event "Osen II"]
[Site "Alushta"]
[Date "2003.??.??"]
[Round "14"]
[White "Nalbandian, Tigran"]
[Black "Kovalev, Andrei"]
[Result "1/2-1/2"]
[WhiteElo "2478"]
[BlackElo "2554"]
[PlyCount "31"]
[EventDate "2003.09.27"]
[Source "Roberto Alvarez"]
[SourceDate "2003.10.06"]

1. Nf3 Nf6 2. g3 g6 3. Bg2 Bg7 4. d4 d6 5. c4 c5 6. Nc3 O-O 7. O-O Nc6 8. dxc5 dxc5 9. Be3 Be6 10. Qa4 Nd4 11. Rad1 Bd7 12. Qa3 Nc2 13. Qxc5 b6 14. Qg5 h6 15. Qf4 Nxe3 16. fxe3 1/2-1/2

[Event "ECC"]
[Site "Rethymnon"]
[Date "2003.09.30"]
[Round "3"]
[White "Tisdall, Jonathan D"]
[Black "Babula, Vlastimil"]
[Result "1/2-1/2"]
[WhiteElo "2481"]
[BlackElo "2550"]
[PlyCount "35"]
[EventDate "2003.09.28"]
[Source "Roberto Alvarez"]
[SourceDate "2003.10.06"]

1. Nf3 Nf6 2. c4 c5 3. Nc3 Nc6 4. g3 g6 5. Bg2 Bg7 6. O-O O-O 7. d4 d6 8. dxc5 dxc5 9. Be3 Be6 10. Bxc5 Qa5 11. Be3 Rfd8 12. Qb3 Ng4 13. Bf4 Qa6 14. Nb5 Na5 15. Qb4 Nc6 16. Qb3 Na5 17. Qb4 Nc6 18. Qb3 1/2-1/2

[Event "2nd MAIG Team Standard"]
[Site "Macau CHN"]
[Date "2007.10.28"]
[Round "1"]
[White "Bu Xiangzhi"]
[Black "Hussein, NA."]
[Result "1-0"]
[WhiteElo "2692"]
[BlackElo "2337"]
[PlyCount "51"]
[EventDate "2007.10.28"]
[Source "www.chesslib.no"]
[SourceDate "2004.05.04"]

1. c4 c5 2. Nf3 Nf6 3. Nc3 Nc6 4. g3 g6 5. Bg2 Bg7 6. d4 O-O 7. O-O d6 8. dxc5 dxc5 9. Be3 Be6 10. Qa4 Rc8 11. Rad1 Qb6 12. Nd5 Bxd5 13. cxd5 Qb4 14. Qc2 Nd4 15. Nxd4 cxd4 16. Rxd4 Qxd4 17. Qxc8 Rxc8 18. Bxd4 Nd7 19. Be3 Nb6 20. b3 Rc2 21. Rc1 Rxa2 22. Rc7 Ra1+ 23. Bf1 f5 24. Bxb6 axb6 25. Rxe7 Rb1 26. Rxb7 1-0

[Event "Kiev 81/451"]
[Site "?"]
[Date "2001.??.??"]
[Round "?"]
[White "Borovikov, V."]
[Black "Krivoshey, S."]
[Result "1-0"]
[WhiteElo "2544"]
[BlackElo "2483"]
[PlyCount "101"]
[EventDate "2001.??.??"]
[Source "Chess Informant"]
[SourceDate "2001.02.01"]

1. d4 Nf6 2. Nf3 g6 3. c4 Bg7 4. g3 c5 5. Bg2 O-O 6. O-O d6 7. Nc3 Nc6 8. dxc5 dxc5 9. Be3 Be6 10. Qa4 Nd4 11. Rad1 Bd7 12. Qa3 Nc2 13. Qxc5 b6 14. Qg5 h6 15. Qf4 g5 16. Qe5 Rc8 17. Nd5 Nxd5 18. Qxd5 Nxe3 19. fxe3 Bc6 20. Qxd8 Rfxd8 21. b3 b5 22. cxb5 Bxb5 23. Kf2 g4 24. Rxd8+ Rxd8 25. Nd4 Bxd4 26. exd4 Rxd4 27. Ke3 Rd6 28. Rf4 h5 29. Rf5 Re6+ 30. Kd4 Rd6+ 31. Kc5 Bxe2 32. Bd5 Ra6 33. Bxf7+ Kg7 34. b4 e6 35. Rf2 Bf3 36. Bxh5 Kh6 37. Bf7 e5 38. b5 Rf6 39. Bc4 e4 40. Kd4 Rd6+ 41. Ke3 Rd1 42. Rf1 Rd8 43. a4 Rc8 44. Rc1 Bd1 45. Rxd1 Rxc4 46. Rd4 Rc2 47. Kxe4 Kg5 48. Rd5+ Kg6 49. Rd6+ Kg5 50. Ra6 Re2+ 51. Kd5 1-0

[Event "CSR-ch"]
[Site "Luhacovice"]
[Date "1973.??.??"]
[Round "11"]
[White "Jansa, Vlastimil"]
[Black "Smejkal, Jan"]
[Result "0-1"]
[WhiteElo "2480"]
[BlackElo "2545"]
[PlyCount "74"]
[EventDate "1973.??.??"]
[Source "ChessBase"]

1. Nf3 c5 2. c4 Nc6 3. Nc3 Nf6 4. g3 g6 5. Bg2 Bg7 6. O-O O-O 7. d4 d6 8. dxc5 dxc5 9. Be3 Be6 10. Qa4 Nd4 11. Bxd4 cxd4 12. Nb5 Bd7 13. Qb3 Ne4 14. Rad1 Bxb5 15. Qxb5 Nd6 16. Qa4 Qb6 17. c5 Qxc5 18. Nxd4 b5 19. Nxb5 Qxb5 20. Qxb5 Nxb5 21. Bxa8 Rxa8 22. Rd7 Kf8 23. Rc1 Ke8 24. Rb7 Nd6 25. Rb4 f5 26. Rc5 Rd8 27. e3 Ne4 28. Rc2 Be5 29. Rb7 Bb8 30. h4 Nd6 31. Rb4 Kd7 32. Kg2 Bc7 33. Rd4 Rb8 34. b3 Rb5 35. Rd3 Bb6 36. Rc4 Ke6 37. Rc8 Nxc8 0-1

[Event "Petrov mem"]
[Site "St Petersburg"]
[Date "1996.??.??"]
[Round "8"]
[White "Vaulin, Alexander"]
[Black "Fedorov, Alexei"]
[Result "1/2-1/2"]
[WhiteElo "2480"]
[BlackElo "2540"]
[PlyCount "60"]
[EventDate "1996.02.??"]
[Source "ChessBase"]

1. d4 Nf6 2. Nf3 g6 3. c4 Bg7 4. g3 O-O 5. Bg2 c5 6. Nc3 Nc6 7. O-O d6 8. dxc5 dxc5 9. Bf4 Be6 10. Ne5 Na5 11. Qa4 Nd7 12. Nxd7 Bxd7 13. Qc2 Bf5 14. Qc1 Qc8 15. Nd5 Nc6 16. Bh6 Bh3 17. Bxg7 Kxg7 18. Qc3+ Kg8 19. Qe3 Bxg2 20. Kxg2 Qf5 21. Nxe7+ Nxe7 22. Qxe7 Rae8 23. Qxb7 Rxe2 24. Rae1 Rfe8 25. Rxe2 Rxe2 26. a4 h5 27. h4 a5 28. Qa8+ Kh7 29. Qxa5 Qe4+ 30. Kg1 Qxc4 1/2-1/2

[Event "XX Carlos Torre Magistral"]
[Site "Merida MEX"]
[Date "2007.12.16"]
[Round "2"]
[White "Bruzon Batista, L."]
[Black "Dominguez Aguilar, G."]
[Result "1-0"]
[WhiteElo "2607"]
[BlackElo "2412"]
[PlyCount "59"]
[EventDate "2007.12.15"]
[Source "www.chesslib.no"]
[SourceDate "2004.05.04"]

1. Nf3 Nf6 2. c4 g6 3. g3 Bg7 4. Bg2 O-O 5. O-O c5 6. d4 Nc6 7. Nc3 d6 8. dxc5 dxc5 9. Bf4 Bd7 10. Ne5 Nxe5 11. Bxe5 Qc8 12. Qb3 Bc6 13. Nd5 Nxd5 14. Bxg7 Nf4 15. Bxf8 Bxg2 16. Rfe1 Bc6 17. gxf4 Kxf8 18. Rad1 Qf5 19. Qe3 f6 20. f3 Kf7 21. Kh1 b6 22. b3 a5 23. a4 Rg8 24. Rg1 Re8 25. Qd2 Qh5 26. Qe1 Qf5 27. Qh4 Rh8 28. e4 Qc8 29. Rg3 Kg7 30. Rdg1 1-0

[Event "Hastings 8384"]
[Site "Hastings"]
[Date "1983.??.??"]
[Round "9"]
[White "Csom, Istvan"]
[Black "Ivanov, Igor V"]
[Result "1/2-1/2"]
[WhiteElo "2500"]
[BlackElo "2515"]
[PlyCount "47"]
[EventDate "1983.12.??"]
[Source "ChessBase"]

1. Nf3 Nf6 2. c4 g6 3. g3 Bg7 4. Bg2 O-O 5. O-O d6 6. d4 Nbd7 7. Nc3 c5 8. b3 a6 9. Bb2 Rb8 10. dxc5 Nxc5 11. Nd4 Bd7 12. Qd2 Qb6 13. Rac1 Rfc8 14. Rfd1 Qd8 15. Nd5 b5 16. Qe3 e6 17. Nxf6+ Qxf6 18. Ba1 Qe7 19. Rc2 bxc4 20. Rxc4 Qf8 21. Nf3 Bxa1 22. Rxa1 a5 23. Rac1 Rb4 24. h4 1/2-1/2

[Event "Salamanca"]
[Site "Salamanca"]
[Date "1991.??.??"]
[Round "10"]
[White "Vladimirov, Evgeny"]
[Black "Oltra Caurin, Ramon"]
[Result "1-0"]
[WhiteElo "2575"]
[BlackElo "2440"]
[PlyCount "75"]
[EventDate "1991.04.??"]
[Source "ChessBase"]

1. d4 Nf6 2. Nf3 g6 3. c4 Bg7 4. g3 O-O 5. Bg2 c5 6. O-O d6 7. Nc3 Na6 8. h3 Bd7 9. Kh2 Rb8 10. e4 cxd4 11. Nxd4 Nc5 12. Be3 a6 13. Rc1 Ne6 14. Nde2 Qa5 15. f4 Bc6 16. Nd5 Bxd5 17. cxd5 Nc5 18. Bxc5 dxc5 19. e5 Ne8 20. Nc3 Nc7 21. Qa4 Qxa4 22. Nxa4 b6 23. b4 c4 24. Rfd1 Rfd8 25. Rxc4 Nxd5 26. Bxd5 e6 27. Rc6 exd5 28. Nxb6 d4 29. Rd3 Rb7 30. a3 a5 31. bxa5 Bf8 32. Kg2 Ra7 33. Nc4 Kg7 34. g4 h6 35. Kf3 Be7 36. Ke4 Rad7 37. Nb6 Ra7 38. Nc8 1-0

[Event "Satu-Mare"]
[Site "Satu-Mare ROM"]
[Date "1994.??.??"]
[Round "10"]
[White "Istratescu, Andrei"]
[Black "Golod, Vitali"]
[Result "1/2-1/2"]
[WhiteElo "2505"]
[BlackElo "2510"]
[PlyCount "21"]
[EventDate "1994.??.??"]
[Source "www.chesslib.no"]
[SourceDate "2004.05.04"]

1. c4 Nf6 2. Nc3 c5 3. g3 g6 4. Bg2 Bg7 5. Nf3 O-O 6. O-O d6 7. d4 cxd4 8. Nxd4 Nc6 9. Nxc6 bxc6 10. Bxc6 Rb8 11. Bg2 1/2-1/2

[Event "Bled ol (Men)"]
[Site "?"]
[Date "2002.10.30"]
[Round "5"]
[White "Kengis Edvins"]
[Black "Aldama Degurnay"]
[Result "1-0"]
[WhiteElo "2570"]
[BlackElo "2443"]
[PlyCount "95"]
[EventDate "2002.??.??"]
[Source "www.chesslib.no"]
[SourceDate "2004.05.04"]

1. Nf3 Nf6 2. g3 g6 3. Bg2 Bg7 4. c4 c5 5. d4 O-O 6. O-O d6 7. Nc3 Nc6 8. dxc5 dxc5 9. Bf4 Be6 10. Ne5 Nxe5 11. Bxe5 Nd7 12. Bxg7 Kxg7 13. Qb3 Rb8 14. Rfd1 Qa5 15. Qc2 Nf6 16. b3 Rfd8 17. Rxd8 Qxd8 18. Rd1 Qc7 19. e4 a6 20. a4 Bd7 21. Nd5 Nxd5 22. cxd5 b5 23. axb5 axb5 24. Rc1 Rc8 25. Qc3+ f6 26. Bf1 g5 27. Qe3 Qd6 28. Be2 b4 29. Ra1 Rc7 30. f4 gxf4 31. gxf4 e5 32. Qg3+ Kh8 33. Ra6 exf4 34. Rxd6 fxg3 35. Rxf6 gxh2+ 36. Kxh2 Kg7 37. Rb6 Be8 38. Kg3 Bf7 39. Bc4 Rd7 40. e5 Bxd5 41. e6 Rb7 42. e7 Rxb6 43. e8=Q Bxc4 44. Qe5+ Kh6 45. bxc4 Rc6 46. Kh4 Rg6 47. Qxc5 b3 48. Qb4 1-0

[Event "Ch SCG team"]
[Site "?"]
[Date "2005.05.20"]
[Round "6"]
[White "Blagojevic Dragisa"]
[Black "Brenjo Slavisa"]
[Result "1-0"]
[WhiteElo "2549"]
[BlackElo "2463"]
[PlyCount "67"]
[EventDate "2005.??.??"]
[Source "www.chesslib.no"]
[SourceDate "2004.05.04"]

1. d4 Nf6 2. c4 g6 3. Nf3 Bg7 4. g3 c5 5. Bg2 O-O 6. O-O cxd4 7. Nxd4 Nc6 8. Nc3 d6 9. Nxc6 bxc6 10. Bxc6 Rb8 11. Bg2 Qa5 12. Qc2 Ba6 13. Bd2 Rfc8 14. b3 Qh5 15. e4 e6 16. Qd1 Ng4 17. h3 Ne5 18. Qxh5 gxh5 19. Rfd1 Bxc4 20. f4 Nd3 21. bxc4 Nb2 22. Rdb1 Nxc4 23. Rxb8 Rxb8 24. Rb1 Bd4+ 25. Kh1 Rc8 26. Be1 Na3 27. Rb3 Nc2 28. Bd2 Na1 29. Rb1 Bxc3 30. Rc1 Bxd2 31. Rxc8+ Kg7 32. h4 Be3 33. Bf3 Kg6 34. Rc6 1-0

[Event "FINEC GMA"]
[Site "St Petersburg RUS"]
[Date "2008.01.31"]
[Round "8"]
[White "Kveinys, A."]
[Black "Sjugirov, S."]
[Result "1/2-1/2"]
[WhiteElo "2521"]
[BlackElo "2491"]
[PlyCount "139"]
[EventDate "2008.01.24"]
[Source "www.chesslib.no"]
[SourceDate "2004.05.04"]

1. d4 Nf6 2. Nf3 g6 3. c4 Bg7 4. g3 O-O 5. Bg2 d6 6. O-O c5 7. dxc5 dxc5 8. Nc3 Nc6 9. Bf4 Bd7 10. Rc1 Qc8 11. Nd5 Bh3 12. Qa4 Bxg2 13. Kxg2 e6 14. Nc3 Nd4 15. Rfd1 Rd8 16. Be5 Nc6 17. Rxd8+ Qxd8 18. Rd1 Qb6 19. Qb5 Nxe5 20. Nxe5 Qc7 21. Nd7 Ne8 22. Qxc5 Rc8 23. Qe7 Qxc4 24. Rd3 Qc6+ 25. f3 h6 26. Ne4 Qc2 27. Rd2 Qc1 28. b4 b6 29. h4 Qe1 30. Rc2 Ra8 31. g4 Bd4 32. Qf8+ Kh7 33. e3 Qxe3 34. Qxf7+ Ng7 35. Rf2 Kh8 36. Qxg6 Nf5 37. Kh3 Qc1 38. Kh2 Bxf2 39. Qf6+ Ng7 40. Nxf2 Qd2 41. Kg2 Qxd7 42. Qxh6+ Kg8 43. Ne4 Qd4 44. h5 Qb2+ 45. Kh3 Rf8 46. Ng5 Qc2 47. Kg3 Qd3 48. Kh4 Qb1 49. Kh3 a5 50. bxa5 bxa5 51. a4 Qd3 52. Kg2 Qc2+ 53. Kh3 Qb1 54. Kg3 Qd3 55. Kg2 e5 56. Kf2 Rc8 57. Ne4 Qb1 58. Kg3 Qe1+ 59. Kh3 Qf1+ 60. Kg3 Qg1+ 61. Kh3 Qh1+ 62. Kg3 Qe1+ 63. Kh3 Qb1 64. Nf6+ Kf7 65. Ne4 Qf1+ 66. Kg3 Qg1+ 67. Kh3 Qh1+ 68. Kg3 Qe1+ 69. Kh3 Qf1+ 70. Kg3 1/2-1/2

[Event "Lee Cup"]
[Site "Beijing"]
[Date "1996.??.??"]
[Round "3"]
[White "Greenfeld, Alon"]
[Black "Szekely, Peter"]
[Result "1-0"]
[WhiteElo "2555"]
[BlackElo "2455"]
[PlyCount "159"]
[EventDate "1996.08.??"]
[Source "ChessBase"]

1. d4 Nf6 2. c4 g6 3. Nf3 Bg7 4. g3 c5 5. Bg2 cxd4 6. Nxd4 O-O 7. Nc3 d6 8. O-O Qa5 9. Bd2 Qh5 10. e3 Qxd1 11. Rfxd1 Na6 12. Be1 Rd8 13. Rac1 Nc7 14. Nb3 Rb8 15. Na5 Nd7 16. f4 Re8 17. h3 Ne6 18. b4 Nd8 19. Nb5 b6 20. Nc6 Nxc6 21. Bxc6 a6 22. Na7 Rd8 23. c5 bxc5 24. bxc5 Nxc5 25. Rxc5 Bg4 26. Rcc1 Bxd1 27. Rxd1 Rb2 28. Bd5 Rd7 29. Nc6 Rc7 30. Ba5 Rcb7 31. Bb3 Bf6 32. Bd2 d5 33. g4 h6 34. Kf1 e6 35. Ke1 Rc7 36. Nd4 Kg7 37. Ne2 Bh4+ 38. Kf1 Bf6 39. Nd4 g5 40. fxg5 Bxg5 41. Nf3 Be7 42. Ne1 Bg5 43. Nd3 Rxd2 44. Rxd2 Bxe3 45. Rc2 Rxc2 46. Bxc2 Kf6 47. Ke2 Bb6 48. Bb3 a5 49. Kf3 Bc7 50. h4 Bd6 51. Nf4 Be5 52. Nh3 Bc3 53. Nf4 Be1 54. h5 Kg5 55. Ba4 Bd2 56. Nd3 f5 57. gxf5 Kxf5 58. Bd7 Kf6 59. Ke2 Bb4 60. Nf4 Kg5 61. Nxe6+ Kxh5 62. Nf4+ Kg5 63. Nxd5 Bd6 64. Kd3 Bg3 65. Kc4 h5 66. Kb5 Be1 67. a4 h4 68. Bh3 Kg6 69. Ne7+ Kg5 70. Nc6 Kf4 71. Nxa5 Ke5 72. Nc6+ Kd6 73. Nb4 Bf2 74. a5 Bg1 75. a6 Bf2 76. Nd3 Be3 77. Ne1 Kc7 78. Nf3 Bf2 79. Bf1 Kb8 80. Kc6 1-0

[Event "team ch. sf"]
[Site "corr Russia team ch. sf"]
[Date "1991.??.??"]
[Round "?"]
[White "Zaitsev, Vladimir Ivanovich"]
[Black "Zachariv, VA."]
[Result "1-0"]
[WhiteElo "2500"]
[BlackElo "2510"]
[PlyCount "47"]
[EventDate "1991.??.??"]
[Source "www.chesslib.no"]
[SourceDate "2004.05.04"]

1. d4 Nf6 2. g3 g6 3. Bg2 Bg7 4. c4 O-O 5. Nf3 d6 6. O-O c5 7. Nc3 Nc6 8. dxc5 dxc5 9. Be3 Be6 10. Rc1 Bxc4 11. Qa4 Be6 12. Bxc5 Nd7 13. Be3 Nb6 14. Qh4 f6 15. Rfd1 Qc8 16. Nd4 Bd7 17. Nxc6 bxc6 18. Bxb6 axb6 19. Nd5 Qd8 20. Qb4 Re8 21. Nxb6 Rb8 22. Qc4+ e6 23. Nxd7 Rxb2 24. Bxc6 1-0